000 01034cam a2200313 i 4500
001 15249550
003 EG-ScBUE
005 20250730143309.0
008 080405t2009 njua f b 001 0 eng d
020 _a9780471742203
020 _a0471742201 (hbk.)
040 _aBTCTA
_beng
_erda
_cBTCTA
_dBAKER
_dYDXCP
_dZQP
_dDLC
_dEG-ScBUE
082 0 4 _a541.39
_bROB
_222
100 1 _aRoberts, G. W.
_q(George W.)
_eauthor.
_936416
245 1 0 _aChemical reactions and chemical reactors /
_cGeorge W. Roberts.
264 1 _aHoboken :
_bJohn Wiley & Sons,
_c[2009]
264 4 _cc2009
300 _axix, 452 pages :
_billustrations ;
_c26 cm
336 _2rdacontent
_atext
_btxt
337 _aunmediated
_2rdamedia
_bn
338 _avolume
_bnc
_2rdacarrier
504 _aIncludes bibliographical references and index.
650 7 _aChemical reactions.
_2BUEsh
_936417
650 7 _aChemical reactors.
_2BUEsh
_936418
651 _2BUEsh
653 _bENGCHE
_cNovember2014
_cOctober2015
655 _vReading book
_934232
942 _2ddc
_cBB
999 _c18537
_d18509